000 00654nam a2200205Ia 4500
003 GCL
008 140319s9999 xx 000 0 ara d
040 _aGCL /
_cGCL
082 0 4 _a814.008
_bم ع
100 1 _aمصطفى الغلايينى
245 1 0 _aعظة الشباب ـ كتاب اخلاق واداب واجتماع /
_cمصطفى الغلايينى
260 _a[S.N] :
_bالمكتبة العصرية للنشر والتوزيع ،
_c1990
300 _a172 ص
490 _a
650 0 4 _aالادب العربى
650 0 4 _aالادب
650 0 4 _aمقالات ومحاضرات
650 0 4 _aالمجموعات
942 _2ddc
_cBK
999 _c29373
_d29373